| 000 | 00711cam a22002411 4500 | ||
|---|---|---|---|
| 001 | sa 68000131 | ||
| 003 | DLC | ||
| 005 | 20260227112420.0 | ||
| 008 | 890613s1966 ii b 000 0 hino | ||
| 010 | _asa 68000131 | ||
| 035 | _a(OCoLC)19863917 | ||
| 040 |
_aDLC _cWaU _dNRU _dDLC |
||
| 042 | _apremarc | ||
| 050 | 0 | 0 |
_aPK2095.M35 _bM38 |
| 100 | 1 | _aSaksena, Lalta Prasad. | |
| 245 | 1 | 0 | _aMañjhana kā saundaryadarśana. |
| 250 | _a[1. saṃskaraṇa | ||
| 260 |
_aJayapura, _bNirmala Prakāśana; mukhya vitaraka] Ātmārāma [Dillī, _c1966] |
||
| 300 |
_a208 p. _c23 cm. |
||
| 500 | _aIn Hindi. | ||
| 504 | _aBibliographical footnotes. | ||
| 600 | 0 | 0 |
_aMañjhana, _dactive 16th century. _tMadhumālatī. |
| 999 |
_c76971 _d76971 |
||